[Event "zt-final"]
[Site "Randers"]
[Date "1982.??.??"]
[Round "1"]
[White "Murey, Jacob"]
[Black "Borik, Otto"]
[Result "1-0"]
[WhiteElo "2475"]
[BlackElo "2360"]

1. c4 g6 2. e4 Bg7 3. d4 d6 4. Nc3 Nf6 5. f3 O-O 6. Be3 b6 7. Bd3 a6
8. Nge2 c5 9. e5 Nfd7 10. Be4 Ra7 11. exd6 exd6 12. O-O Nf6 13. Qd2
Nxe4 14. Nxe4 Bf5 15. Bg5 f6 16. Bf4 Bxe4 17. fxe4 Re7 18. Rad1 Nc6
19. dxc5 dxc5 20. Bd6 Kh8 21. Bxe7 Qxe7 22. Qd6 Qxe4 23. Nc3 Qe3+ 24.
Kh1 Ne5 25. Nd5 Qg5 26. Rxf6 Rg8 27. Rf4 h5 28. Rdf1 Nxc4 29. Rxc4 Rd8
30. Qxb6 Rxd5 31. Rc2 Qf4 32. Qxa6 Qd4 33. Qxg6 c4 34. Re2 1-0

[Event "zt-final"]
[Site "Randers"]
[Date "1982.??.??"]
[Round "2"]
[White "Borik, Otto"]
[Black "Lobron, Eric"]
[Result "0-1"]
[WhiteElo "2360"]
[BlackElo "2440"]

1. d4 Nf6 2. c4 e6 3. Nc3 c5 4. d5 exd5 5. cxd5 d6 6. e4 g6 7. f4 Bg7
8. Bb5+ Nfd7 9. a4 Na6 10. Nf3 Nb4 11. O-O a6 12. Bc4 O-O 13. h3 Qa5
14. Ra3 Qc7 15. Re1 Rb8 16. e5 Nb6 17. b3 Bf5 18. Ne4 dxe5 19. fxe5
Rbd8 20. d6 Qc6 21. Ng3 Bc2 22. Qe2 h6 23. Bd2 Nxc4 24. Qxc4 Qd5 25.
Qh4 Nd3 26. Raa1 Nxe5 27. Rxe5 Bxe5 28. Re1 Bg7 29. Bxh6 Qxd6 30. Kh2
Bxh6 31. Qxh6 Qf6 32. Re5 b6 33. a5 Rd3 34. Nf5 Rd7 35. Ne3 Bxb3 36.
axb6 Be6 37. Rxc5 Rb7 38. Rc6 Rfb8 39. Ng5 Qe5+ 40. g3 Qxe3 41. Qh7+
Kf8 42. Nxe6+ fxe6 43. Qh8+ Kf7 44. Qh7+ Kf6 45. Qh4+ Kg7 0-1

[Event "zt-final"]
[Site "Randers"]
[Date "1982.??.??"]
[Round "2"]
[White "Karlsson, Lars"]
[Black "Kagan, Shimon"]
[Result "1-0"]
[WhiteElo "2500"]
[BlackElo "2425"]

1. c4 Nf6 2. g3 e5 3. Bg2 Nc6 4. Nc3 g6 5. e4 Bg7 6. Nge2 O-O 7. O-O
Nh5 8. f4 exf4 9. gxf4 d6 10. d4 Bg4 11. Be3 f5 12. e5 dxe5 13. dxe5
Qxd1 14. Raxd1 g5 15. Rd7 Rac8 16. Bxc6 bxc6 17. fxg5 f4 18. Rxg7+ Kxg7
19. Bxa7 Kg6 20. Nd4 Rfe8 21. Re1 f3 22. Kf2 Nf4 23. Kg3 Nd3 24. Rf1
Nxe5 25. Ne4 c5 26. Bxc5 Nd3 27. Nf6 Nxc5 28. Kxg4 h5+ 29. Kxf3 Re5
30. h4 Rd8 31. Rd1 Na4 32. Nd5 Nxb2 33. Nf4+ Kh7 34. g6+ Kg8 35. Nc6
Rxd1 36. Nxe5 Re1 37. Nf7 Kg7 38. Ng5 Nxc4 39. Nge6+ Kh6 40. g7 Rg1
41. Nxh5 Ne5+ 42. Kf2 Rg6 43. Nhf4 Rg4 44. a4 c5 45. a5 c4 46. a6 Nc6
47. Nd5 Na7 48. Nf6 Rxg7 49. Nxg7 Kxg7 50. Ne4 Kg6 51. Ke3 Nc6 52. Kd2
Kh5 53. Kc3 Kxh4 54. Kxc4 Kg4 55. Kc5 Na7 56. Nd6 Kf4 57. Kb6 Ke5 58.
Kxa7 1-0

[Event "zt-final"]
[Site "Randers"]
[Date "1982.??.??"]
[Round "2"]
[White "Murey, Jacob"]
[Black "Grunfeld, Yehuda"]
[Result "1/2-1/2"]
[WhiteElo "2475"]
[BlackElo "2505"]

1. d4 Nf6 2. c4 e6 3. Nc3 Bb4 4. e3 c5 5. Nge2 cxd4 6. exd4 O-O 7. a3
Be7 8. g3 d5 9. cxd5 Nxd5 10. Bg2 Nxc3 11. bxc3 Bg5 12. O-O Bxc1 13.
Rxc1 Nc6 14. c4 Qd6 15. d5 exd5 16. cxd5 Ne5 17. Qb3 Bg4 18. Nd4 Rac8
19. h3 Bd7 20. Rxc8 Bxc8 21. Rc1 g6 22. f4 Nd7 23. Qb4 Qf6 24. Nb5 Qb6+
25. Kh2 a5 26. Qc4 Nf6 27. Qc5 Qxc5 28. Rxc5 Rd8 29. g4 Kg7 30. Nc3 b6
31. Rc7 b5 32. g5 Nh5 33. Ne2 b4 34. axb4 axb4 35. Bf3 b3 36. Rc3 Ba6
37. Rxb3 Bxe2 38. Bxe2 Nxf4 39. Bf3 Rd7 40. Rb5 h6 41. gxh6+ Kxh6 42.
Kg3 Nd3 43. Be2 Ne5 44. Kf4 f6 45. Bg4 Nxg4 46. hxg4 Kg7 47. Ke4 Kf7
48. Kd4 Ke7 49. Ra5 Rd8 50. g5 fxg5 51. Ke5 g4 52. Ra7+ Kf8 53. d6 g3
54. Ra2 Kf7 55. Kd5 Kf6 56. Ra3 g2 57. Rg3 g5 58. Rxg2 Kf5 59. Rf2+ Kg4
60. Ke6 Kg3 61. Rd2 g4 62. Ke7 Rh8 63. d7 Kf3 64. Rd6 g3 1/2-1/2

[Event "zt-final"]
[Site "Randers"]
[Date "1982.??.??"]
[Round "2"]
[White "Sigurjonsson, Gudmundur"]
[Black "Tiller, Bjorn"]
[Result "1/2-1/2"]
[WhiteElo "2435"]
[BlackElo "2320"]

1. e4 e6 2. d4 d5 3. Nd2 c5 4. exd5 exd5 5. Bb5+ Nc6 6. Ngf3 Bd6 7.
dxc5 Bxc5 8. O-O Nge7 9. Nb3 Bd6 10. Re1 O-O 11. Bg5 Bg4 12. h3 Bh5
13. Bxc6 bxc6 14. Nbd4 Rc8 15. c4 Re8 16. cxd5 f6 17. Be3 Bb4 18. Bd2
Bxd2 19. Qxd2 Qxd5 20. b4 Ng6 21. Rxe8+ Rxe8 22. Rc1 Ne5 23. Nxe5 fxe5
24. Nb3 Bf7 25. Qe3 Qb5 26. Qxa7 Bxb3 27. axb3 Qxb4 28. Rxc6 Qxb3 29.
Rc7 Qb1+ 30. Kh2 Qg6 31. Re7 h6 32. Qc7 Rxe7 33. Qxe7 Qf5 34. Qc5
1/2-1/2

[Event "zt-final"]
[Site "Randers"]
[Date "1982.??.??"]
[Round "3"]
[White "Grunfeld, Yehuda"]
[Black "Borik, Otto"]
[Result "0-1"]
[WhiteElo "2505"]
[BlackElo "2360"]

1. e4 d6 2. d4 Nf6 3. Nc3 g6 4. Nf3 Bg7 5. Be2 O-O 6. O-O a6 7. h3 Nc6
8. d5 Nb8 9. Re1 c6 10. Bf4 b5 11. a3 Bb7 12. dxc6 Nxc6 13. Qd2 Re8
14. Bh6 Bh8 15. Ng5 Rc8 16. Rad1 Qb6 17. Nd5 Nxd5 18. exd5 Nd4 19. Bd3
Bxd5 20. c3 Ne6 21. Nxf7 Kxf7 22. Bxg6+ Kxg6 23. Qxd5 Kxh6 24. Rxe6+
Bf6 25. g4 Rg8 26. Qf5 Rcf8 27. h4 Kg7 28. Rde1 Kh8 29. Qh5 Rxg4+ 30.
Qxg4 Rg8 31. R1e4 Rxg4+ 32. Rxg4 h5 33. Rg2 Qc5 34. Re3 Qf5 0-1

[Event "zt-final"]
[Site "Randers"]
[Date "1982.??.??"]
[Round "3"]
[White "Kagan, Shimon"]
[Black "Murey, Jacob"]
[Result "0-1"]
[WhiteElo "2425"]
[BlackElo "2475"]

1. e4 c5 2. Nf3 d6 3. d4 cxd4 4. Nxd4 Nf6 5. Nc3 Nc6 6. g3 Bg4 7. f3
Bd7 8. Be3 e6 9. Qd2 a6 10. g4 h6 11. O-O-O b5 12. h4 Nxd4 13. Qxd4 Bc6
14. Bg2 Qb8 15. g5 hxg5 16. hxg5 Rxh1 17. Rxh1 Nd7 18. Rh8 Ne5 19. Rg8
b4 20. Nd1 Kd7 21. Nf2 Qb5 22. f4 Ng6 23. Nd3 a5 24. Bh3 Kc7 25. Rxg7
Bxg7 26. Qxg7 Bxe4 27. Bxe6 Re8 28. Bxf7 Re7 29. Qf6 Bxd3 30. Bxg6 Rxe3
31. Bxd3 Qc6 32. Qg7+ Kb8 33. Qh8+ Re8 34. Qh2 Qf3 35. b3 Re1+ 36. Kb2
Qe3 37. Qh8+ Kc7 38. Qg7+ Kb6 0-1

[Event "zt-final"]
[Site "Randers"]
[Date "1982.??.??"]
[Round "3"]
[White "Lobron, Eric"]
[Black "Sigurjonsson, Gudmundur"]
[Result "1-0"]
[WhiteElo "2440"]
[BlackElo "2435"]

1. e4 c5 2. Nc3 d6 3. f4 g6 4. Nf3 Bg7 5. Bc4 Nc6 6. d3 e6 7. O-O Nge7
8. Qe1 a6 9. Bb3 Na5 10. Qh4 h6 11. Bd2 Bd7 12. f5 exf5 13. Rae1 Nxb3
14. axb3 Be6 15. Nd5 Bxd5 16. exd5 Kf8 17. c4 a5 18. Re2 g5 19. Qg3 Qd7
20. Qe1 Ng6 21. Bc3 b6 22. Bxg7+ Kxg7 23. Qc3+ Kh7 24. Qf6 Rhe8 25.
Ref2 f4 26. h4 g4 27. Nd2 g3 28. Rf3 Re5 29. Ne4 Rd8 30. Rxf4 Nxf4 31.
Qxf4 Rxe4 32. Qxe4+ Kg7 33. Rf3 Rg8 34. Qf4 Qe7 35. Re3 Qf8 36. Rxg3+
Kh7 37. Qf5+ Kh8 38. Qf6+ Kh7 39. Qf5+ Kh8 40. Qf6+ Kh7 41. Rf3 Rg7
42. Kf1 Kg8 43. Qxh6 Qe7 44. Qf6 Kf8 45. Kf2 Qxf6 46. Rxf6 Ke7 47. Rf5
Rg4 48. g3 Rd4 49. Ke3 Rg4 50. Rg5 Rd4 51. h5 f6 52. h6 1-0

[Event "zt-final"]
[Site "Randers"]
[Date "1982.??.??"]
[Round "3"]
[White "Tiller, Bjorn"]
[Black "Karlsson, Lars"]
[Result "0-1"]
[WhiteElo "2320"]
[BlackElo "2500"]

1. d4 g6 2. c4 Bg7 3. Nc3 d6 4. e4 Nc6 5. Be3 e5 6. d5 Nce7 7. Qd2 f5
8. f3 Nf6 9. Bd3 O-O 10. O-O-O c5 11. dxc6 bxc6 12. Bc2 fxe4 13. Bxe4
d5 14. cxd5 cxd5 15. Nxd5 Nexd5 16. Bxd5+ Nxd5 17. Qxd5+ Qxd5 18. Rxd5
e4 19. Ne2 exf3 20. gxf3 Bb7 21. Rd7 Bc6 22. Rd6 Bxf3 23. Re1 Rfe8 24.
Nd4 Be5 25. Re6 Rac8+ 26. Kd2 Rxe6 27. Nxe6 Bxb2 28. Bd4 Ba3 29. Ke3
Bd5 30. Nf4 Re8+ 31. Kf2 Rf8 32. Ke3 Bc4 33. h4 Re8+ 34. Kf2 Rxe1 35.
Kxe1 a6 36. h5 g5 37. Nh3 h6 38. Be3 Be7 39. a4 Bf7 40. Nf2 Bxh5 41.
Nd3 Be8 42. a5 Bb5 43. Bc5 Bf6 44. Nb4 Bc3+ 45. Kd1 Kf7 46. Kc2 Be5
47. Nd5 h5 48. Nc3 Bc6 49. Kd3 h4 50. Ne4 Bxe4+ 51. Kxe4 h3 52. Kf3 g4+
53. Kf2 Ke6 0-1

[Event "zt-final"]
[Site "Randers"]
[Date "1982.??.??"]
[Round "4"]
[White "Borik, Otto"]
[Black "Sigurjonsson, Gudmundur"]
[Result "1/2-1/2"]
[WhiteElo "2360"]
[BlackElo "2435"]

1. d4 Nf6 2. c4 e6 3. Nf3 b6 4. g3 Ba6 5. b3 Bb4+ 6. Bd2 Be7 7. Bg2 c6
8. O-O d5 9. Qc2 O-O 10. Rc1 Nbd7 11. a4 Bd6 12. Na3 Qe7 13. Qb2 Ne4
14. Be1 Bb7 15. b4 Rab8 16. Ne5 f6 17. cxd5 Nxe5 18. dxc6 Bxc6 19. Qc2
Bxb4 20. Bxb4 Qxb4 21. dxe5 Bd5 22. exf6 Rxf6 23. Bxe4 Bxe4 24. Qc4
Qxc4 25. Nxc4 Bd5 26. Ne5 Rf5 27. f4 g5 28. Ng4 Kg7 29. fxg5 Rxg5 30.
Rc7+ Kg6 31. Nf2 Rb7 32. Rac1 Rxc7 33. Rxc7 a5 34. Nh3 Re5 35. Nf4+ Kh6
36. Nxd5 exd5 37. Rc6+ Kg7 1/2-1/2

[Event "zt-final"]
[Site "Randers"]
[Date "1982.??.??"]
[Round "4"]
[White "Karlsson, Lars"]
[Black "Lobron, Eric"]
[Result "1-0"]
[WhiteElo "2500"]
[BlackElo "2440"]

1. c4 e5 2. g3 Nc6 3. Bg2 g6 4. Nc3 d6 5. e3 Bg7 6. Nge2 h5 7. h3 h4
8. g4 f5 9. gxf5 Bxf5 10. d3 Qd7 11. Nd5 Nd8 12. d4 e4 13. f3 exf3 14.
Bxf3 c6 15. e4 Bxh3 16. Nef4 Be6 17. Nxe6 Nxe6 18. Bg4 cxd5 19. exd5
Bxd4 20. Bxe6 Qg7 21. Qa4+ Kd8 22. Bg5+ Kc7 23. O-O-O Bxb2+ 24. Kb1 Bf6
25. Qa5+ b6 26. Qa4 a6 27. Qc6+ Kb8 28. Bd7 Qxd7 29. Qxd7 Bxg5 30.
Qxd6+ 1-0

[Event "zt-final"]
[Site "Randers"]
[Date "1982.??.??"]
[Round "5"]
[White "Lobron, Eric"]
[Black "Murey, Jacob"]
[Result "1/2-1/2"]
[WhiteElo "2440"]
[BlackElo "2475"]

1. e4 c5 2. Nf3 Nf6 3. Nc3 e6 4. d4 d5 5. Bg5 dxe4 6. Nxe4 cxd4 7. Bxf6
gxf6 8. Qxd4 Qxd4 9. Nxd4 f5 10. Nf6+ Ke7 11. Nh5 Bh6 12. f4 Rd8 13.
O-O-O Nd7 14. g3 Nf6 15. Nxf5+ exf5 16. Rxd8 Nxh5 17. Rh8 Nf6 18. Bc4
Bf8 19. Re1+ Be6 20. Bd3 Kd7 21. Re5 Kc7 22. Bxf5 Nd7 23. Bxe6 Nxe5
24. Rxh7 Kb6 25. Bd5 Rd8 26. Be4 Bc5 27. a3 Nc4 28. Bd3 Be3+ 29. Kb1
Nd6 30. Rh5 Kc6 31. c3 b5 32. Kc2 Bg1 33. Rh6 Kc7 34. Rh5 Re8 35. Bxb5
Nxb5 36. Rxb5 Re2+ 37. Kb3 Rxh2 38. Rf5 Rh7 39. g4 Kd6 40. g5 Be3 41.
Kc2 Rh4 42. Rxf7 Rxf4 43. Rxf4 Bxf4 44. g6 Ke6 45. b4 Kf6 46. Kd3 Kxg6
47. Kc4 Be5 48. a4 Kf6 49. b5 Ke6 50. a5 Kd7 51. Kc5 Bg3 52. Kd5 Be1
53. c4 1/2-1/2

[Event "zt-final"]
[Site "Randers"]
[Date "1982.??.??"]
[Round "5"]
[White "Sigurjonsson, Gudmundur"]
[Black "Karlsson, Lars"]
[Result "1-0"]
[WhiteElo "2435"]
[BlackElo "2500"]

1. e4 c5 2. Nf3 Nc6 3. d4 cxd4 4. Nxd4 g6 5. Nc3 Bg7 6. Be3 Nf6 7. Bc4
d6 8. h3 O-O 9. Bb3 Bd7 10. O-O Rc8 11. Re1 a6 12. f4 b5 13. a3 e6 14.
Qd2 Qc7 15. Rad1 Rfd8 16. Qf2 Qb7 17. f5 Nxd4 18. Bxd4 Rf8 19. fxg6
fxg6 20. Qg3 Ne8 21. Kh2 Bxd4 22. Rxd4 Qb6 23. Red1 Rf7 24. e5 Rc5 25.
Ne4 d5 26. Nxc5 Qxc5 27. Rxd5 exd5 28. Rxd5 Qf2 1-0

[Event "zt-final"]
[Site "Randers"]
[Date "1982.??.??"]
[Round "5"]
[White "Tiller, Bjorn"]
[Black "Grunfeld, Yehuda"]
[Result "1/2-1/2"]
[WhiteElo "2320"]
[BlackElo "2505"]

1. c4 c5 2. Nf3 Nc6 3. g3 g6 4. d4 cxd4 5. Nxd4 Bg7 6. Nc2 Nf6 7. Bg2
O-O 8. O-O d6 9. Nc3 Be6 10. b3 Qa5 11. Bd2 Qh5 12. e4 Bg4 13. f3 Bh3
14. Qe2 Bxg2 15. Kxg2 Rac8 16. Rad1 a6 17. Nd5 Nxd5 18. exd5 Ne5 19.
Rfe1 b5 20. f4 Qxe2+ 21. Rxe2 Nd3 22. Nb4 Nxb4 23. Bxb4 Bf6 24. cxb5
axb5 25. Kf3 Rc7 26. Ba5 Rb7 27. Rc1 b4 28. Rc4 Rfb8 29. Ree4 Ra8 30.
Rxb4 Rxb4 31. Bxb4 Rxa2 32. Re2 Ra8 33. Be1 Ra1 34. Bd2 Rb1 35. Re3 Kf8
36. Bc3 Rd1 37. Bxf6 exf6 38. b4 Rxd5 39. Rb3 Rb5 40. Ke4 Ke7 41. Kd4
Kd7 42. Ke4 Rh5 43. Rb2 g5 44. f5 g4 45. Rf2 Rg5 46. Kd5 h5 47. b5 h4
48. b6 hxg3 49. hxg3 Rh5 50. b7 Kc7 51. b8=Q+ Kxb8 52. Kxd6 Rh3 53. Rg2
Rh5 1/2-1/2

[Event "zt-final"]
[Site "Randers"]
[Date "1982.??.??"]
[Round "6"]
[White "Borik, Otto"]
[Black "Karlsson, Lars"]
[Result "0-1"]
[WhiteElo "2360"]
[BlackElo "2500"]

1. Nf3 c5 2. e4 Nc6 3. d4 cxd4 4. Nxd4 g6 5. c4 Bg7 6. Be3 Nf6 7. Nc3
b6 8. Be2 Bb7 9. O-O O-O 10. f3 Rc8 11. Qd2 Re8 12. Rfd1 Qc7 13. Rac1
Qb8 14. b3 Nh5 15. Bf1 Be5 16. g3 Bg7 17. Bg2 Nf6 18. Qf2 h5 19. Nde2
Ne5 20. h3 d6 21. Nd4 Ned7 22. g4 a6 23. g5 Nh7 24. h4 Nhf8 25. Bf1 e6
26. Nde2 Ba8 27. Bd4 Bxd4 28. Rxd4 Ne5 29. Rcd1 Red8 30. Bh3 Nc6 31.
R4d2 b5 32. cxb5 axb5 33. f4 b4 34. Na4 Ne7 35. Nb6 Bxe4 36. Nxc8 Rxc8
37. Rxd6 Nd5 38. R1xd5 Bxd5 39. Rxd5 exd5 40. Bxc8 Qxc8 41. f5 Qc2 42.
Nd4 Qe4 43. fxg6 Nxg6 44. Nf5 Nf4 45. Nh6+ Kh7 46. Kh2 d4 47. Nxf7 d3
48. g6+ Kxg6 49. Nh8+ Kg7 50. Qb2+ Kg8 51. Kg3 Qe3+ 52. Kh2 Qe2+ 0-1

[Event "zt-final"]
[Site "Randers"]
[Date "1982.??.??"]
[Round "6"]
[White "Grunfeld, Yehuda"]
[Black "Lobron, Eric"]
[Result "1-0"]
[WhiteElo "2505"]
[BlackElo "2440"]

1. e4 g6 2. d4 Bg7 3. Nc3 d6 4. f4 Nf6 5. Nf3 O-O 6. Bd3 Na6 7. O-O c5
8. d5 Rb8 9. Kh1 Bg4 10. a3 Nc7 11. Qe1 b5 12. Qh4 Bxf3 13. Rxf3 c4
14. Be2 e6 15. dxe6 fxe6 16. Rh3 a5 17. Be3 b4 18. axb4 axb4 19. Na4 h6
20. Bxc4 Nxe4 21. Qxd8 Rbxd8 22. Bd3 d5 23. Re1 Ra8 24. b3 Nc3 25. Nc5
Ra5 26. Nd7 Rfa8 27. Rf3 Ra1 28. Rff1 Rxe1 29. Rxe1 Ne4 30. Ne5 g5 31.
g3 Ra2 32. Kg2 Na6 33. Nd7 gxf4 34. gxf4 Kf7 35. Kf3 Nd6 36. Bf2 Nf5
37. Ne5+ Kg8 38. Nc6 Nc7 39. Nxb4 Rb2 40. Nc6 Bc3 41. Rg1+ Kf7 42. Ra1
Ne8 43. Ne5+ Kf6 44. Ng4+ Kf7 45. Ra7+ Kg6 46. Ra6 Neg7 47. Ne3 1-0

[Event "zt-final"]
[Site "Randers"]
[Date "1982.??.??"]
[Round "6"]
[White "Kagan, Shimon"]
[Black "Tiller, Bjorn"]
[Result "1/2-1/2"]
[WhiteElo "2425"]
[BlackElo "2320"]

1. e4 e6 2. d3 c5 3. Nf3 Nc6 4. g3 d6 5. Bg2 Nf6 6. O-O Be7 7. Re1 O-O
8. c4 Bd7 9. d4 cxd4 10. Nxd4 a6 11. Nc3 Rc8 12. b3 Qa5 13. Bb2 Rfd8
14. Nxc6 bxc6 15. Na4 c5 16. Bc3 Qc7 17. Qd2 Qb8 18. Ba5 Re8 19. Nb6
Rcd8 20. Qe2 Bc8 21. Na4 Rd7 22. e5 dxe5 23. Qxe5 Qxe5 24. Rxe5 Bd6
25. Re2 Bb7 26. Bxb7 Rxb7 27. Rd1 Be7 28. Red2 Rc8 29. Bd8 Kf8 30. f3
Ke8 31. Bxe7 Kxe7 32. Rd6 Ra7 33. Nb6 Rcc7 34. Kf2 Rab7 35. Na4 Rd7
36. R6d3 Rxd3 37. Rxd3 Nd7 38. Ke3 g5 39. f4 h6 40. f5 Rc7 41. fxe6
fxe6 42. h3 Rc6 43. Nc3 Nf6 44. Ne4 Nxe4 45. Kxe4 Rc8 46. Kf3 h5 47.
Re3 Kd6 48. Ke2 a5 49. Rf3 Ke7 50. Kd2 Rd8+ 51. Kc2 Rd4 52. Kb2 Rd2+
53. Ka3 Rh2 54. h4 g4 55. Re3 Rg2 56. Re5 Kd6 57. Rxh5 Rxg3 58. Rg5 e5
59. Rg6+ Kd7 60. h5 e4 61. h6 e3 62. h7 Rh3 63. Rxg4 Rxh7 64. Rg2 Kd6
65. Ka4 Ke5 66. Kxa5 Kd4 67. Kb6 Re7 68. Re2 Re6+ 69. Kb5 Rf6 70. Re1
Rf2 71. a4 Rb2 72. Rxe3 Kxe3 73. Kxc5 Rxb3 74. a5 Kd3 75. a6 Ra3 76.
Kb6 Kxc4 77. a7 Kd5 78. Kb7 Rb3+ 79. Kc7 Ra3 80. Kb7 Rxa7+ 81. Kxa7
1/2-1/2

[Event "zt-final"]
[Site "Randers"]
[Date "1982.??.??"]
[Round "6"]
[White "Murey, Jacob"]
[Black "Sigurjonsson, Gudmundur"]
[Result "1/2-1/2"]
[WhiteElo "2475"]
[BlackElo "2435"]

1. e4 c5 2. Nf3 d6 3. d4 cxd4 4. Nxd4 Nf6 5. Nc3 a6 6. Bg5 e6 7. f4 Qb6
8. a3 Nc6 9. Nb3 Be7 10. Qf3 Qc7 11. O-O-O Bd7 12. Bh4 Rc8 13. g4 h6
14. Bg3 e5 15. g5 Bg4 16. Qg2 hxg5 17. fxg5 Nh5 18. Nd5 Bxg5+ 19. Kb1
Qd8 20. Be2 Bxe2 21. Qxe2 Nf6 22. h4 Bh6 23. c4 Nxd5 24. Rxd5 Ne7 25.
Rd3 Qc7 26. Rhd1 O-O 27. Rxd6 1/2-1/2

[Event "zt-final"]
[Site "Randers"]
[Date "1982.??.??"]
[Round "7"]
[White "Karlsson, Lars"]
[Black "Murey, Jacob"]
[Result "1-0"]
[WhiteElo "2500"]
[BlackElo "2475"]

1. c4 g6 2. g3 Bg7 3. Bg2 e5 4. Nc3 Ne7 5. Nf3 O-O 6. O-O Nbc6 7. d3 d5
8. cxd5 Nxd5 9. Bg5 f6 10. Bd2 Be6 11. Rc1 Qd7 12. Ne4 b6 13. Qc2 Nce7
14. b4 h6 15. a3 Rac8 16. Nc3 c5 17. Nxd5 Bxd5 18. Qb2 c4 19. e4 Bf7
20. dxc4 Bxc4 21. Rfe1 Qb5 22. Bh3 f5 23. Bc3 Bd3 24. Bxe5 Bxe5 25.
Nxe5 Bxe4 26. Rxc8 Rxc8 27. Rxe4 fxe4 28. Bxc8 Nxc8 29. Qb3+ Kh8 30.
Qe6 1-0

[Event "zt-final"]
[Site "Randers"]
[Date "1982.??.??"]
[Round "7"]
[White "Lobron, Eric"]
[Black "Kagan, Shimon"]
[Result "1-0"]
[WhiteElo "2440"]
[BlackElo "2425"]

1. e4 c5 2. Nf3 Nc6 3. d4 cxd4 4. Nxd4 Nf6 5. Nc3 g6 6. Bc4 Qb6 7. Nxc6
dxc6 8. e5 Ng4 9. Qe2 Bg7 10. e6 f5 11. Bb3 O-O 12. Bf4 Qb4 13. Bd2 Qc5
14. h3 Nf6 15. O-O-O b5 16. Be3 Qe5 17. Qf3 b4 18. Bd4 Qa5 19. Qxc6
bxc3 20. Qxa8 cxb2+ 21. Kb1 Ne4 22. Qd5 Nc3+ 23. Bxc3 Qxc3 24. Rd3 Qc7
25. Rhd1 Bf6 26. Qc4 Qb6 27. Qf4 Bxe6 28. Qe3 Bxb3 29. Rxb3 Qc6 30. Qf3
Qxf3 31. Rxf3 Rc8 32. Rb3 Rc7 33. Rdd3 Kf7 34. c3 a5 35. Kxb2 e5 36. a4
e4 37. Rd5 f4 38. Kc2 e3 39. fxe3 fxe3 40. Kd3 e2 41. Kxe2 Bxc3 42.
Rbb5 Re7+ 43. Kf3 Ke6 44. Rdc5 Bb4 45. Re5+ Kf6 46. Rxe7 Kxe7 47. Rb7+
1-0

[Event "zt-final"]
[Site "Randers"]
[Date "1982.??.??"]
[Round "7"]
[White "Tiller, Bjorn"]
[Black "Borik, Otto"]
[Result "1-0"]
[WhiteElo "2320"]
[BlackElo "2360"]

1. c4 g6 2. e4 c5 3. Nf3 Nc6 4. d4 Bg7 5. d5 Nd4 6. Nxd4 Bxd4 7. Nc3 d6
8. Bd3 Bg7 9. O-O Nf6 10. Bg5 h6 11. Bh4 O-O 12. f4 Ng4 13. Qe1 g5 14.
fxg5 Bd4+ 15. Kh1 hxg5 16. Bxg5 f6 17. Bf4 Kf7 18. Be2 Rh8 19. Bxg4
Bxg4 20. Nb5 Bxb2 21. Rb1 Be5 22. Bxe5 dxe5 23. Rb2 Bd7 24. Nc3 b6 25.
d6 Be6 26. dxe7 Qxe7 27. Nd5 Bxd5 28. exd5 Rh6 29. Qe4 Rah8 30. g4 Rg6
31. Rg2 Kg7 32. Rf5 Rh4 33. Rg3 Qd7 34. h3 Qa4 35. Qe2 Qd7 36. Qf2 Qe7
37. Qe3 Qd7 38. Kh2 Rh8 39. Qe4 Qe7 40. g5 fxg5 41. Rxe5 Qf6 42. Re7+
Kh6 43. Re6 Qf2+ 44. Rg2 Qf7 45. Qe5 Rxe6 46. Qxg5+ 1-0